| 000 | 00632nam a2200241 a 4500 | ||
|---|---|---|---|
| 005 | 20210219153131.0 | ||
| 008 | 991125n 000 0 u | ||
| 035 | _aUPN01000079545 | ||
| 100 | _aFord, Sylvia | ||
| 222 | _aYOUNG CHILDREN | ||
| 245 | _aFood for thought. "Real" careers | ||
| 300 | _a56-57 | ||
| 362 | _a46, No. 5, 1991 | ||
| 505 | _aEnero 1992 | ||
| 653 | 0 | _aCUIDADOS INFANTILES | |
| 653 | 0 | _aEDUCACION DE LA PRIMERA INFANCIA | |
| 653 | 0 | _aGUARDERIAS | |
| 653 | 0 | _aMAESTROS DE PREESCOLAR | |
| 653 | 0 | _aPROFESIONES | |
| 653 | 0 | _aRECONOCIMIENTO PROFESIONAL | |
| 904 |
_aAC _b017356 |
||
| 905 | _aArticulo | ||
| 999 |
_c69089 _d69089 |
||